History Quiz

Random History or Nation Quiz

Chinese History Match-Up Quiz Stats

 Plays Quiz Updated Aug 21, 2014

Support Sporcle.
Go Orange.
Score 0/30 Timer 06:00
0 Plays Today
% Correct
Marco
95.1%
Hong
94.4%
Tiananmen
94%
Forbidden
93.4%
Mao
92.3%
Silk
91.6%
Terracotta
86.6%
Opium
86.6%
Cultural
86.4%
Kublai
86.2%
Boxer
86%
Great Leap
85.4%
Five Year
82.4%
Gang of
79.8%
Chiang
78.6%
% Correct
Rape of
76.4%
Long
76.3%
Warring
71.6%
Sun
70.2%
Mandate of
69.5%
May Fourth
68.3%
Deng
67.4%
Northern
66.8%
Dream of the
59.5%
Zhou
52.5%
Empress Dowager
52%
Shaanxi
44.4%
Qin
39%
Zheng
36.4%
Yuan
28.3%

You're not logged in!

Compare scores with friends on all Sporcle quizzes.
OR
Log In

From the Vault

From Comic Strip to the Screen

by pdigoe

You know you're successful when you go from a little strip to a big screen.
Remove Ads.
Support Sporcle.
Get the best of Sporcle when you Go Orange. This ad-free experience offers more features, more stats, and more fun while also helping to support Sporcle. Thank you for becoming a member.

Show Comments

Extras

Top Quizzes Today


Score Distribution

Your Account Isn't Verified!

In order to create a playlist on Sporcle, you need to verify the email address you used during registration. Go to your Sporcle Settings to finish the process.

Report this User

Report this user for behavior that violates our Community Guidelines.

Details: